Risk management for public private partnership projects and project portfolios from an investors perspective (Record no. 106989)
[ view plain ]
| 000 -LEADER | |
|---|---|
| fixed length control field | 01057cam a22002175a 4500 |
| 001 - CONTROL NUMBER | |
| control field | L138057 |
| 008 - FIXED-LENGTH DATA ELEMENTS--GENERAL INFORMATION | |
| fixed length control field | 070515e2005 xxk f 100 0 eng d |
| 035 ## - SYSTEM CONTROL NUMBER | |
| System control number | (Sirsi) u138057 |
| 041 0# - LANGUAGE CODE | |
| Language code of text/sound track or separate title | eng |
| 100 1# - MAIN ENTRY--PERSONAL NAME | |
| Personal name | Elbing, Clemens |
| 245 00 - TITLE STATEMENT | |
| Title | Risk management for public private partnership projects and project portfolios from an investors perspective |
| Medium | [electronic resource] |
| 260 ## - PUBLICATION, DISTRIBUTION, ETC. | |
| Date of publication, distribution, etc. | 2005 |
| 490 #0 - SERIES STATEMENT | |
| Series statement | COBRA |
| Volume/sequential designation | 2005 |
| 520 ## - SUMMARY, ETC. | |
| Summary, etc. | Discusses structured methods and tools for risk management over the lifecycle of PPP projects and project portfolios. Discusses the identification, assessment, analysis, allocation, monitoring and control of risks as cyclic process over the whole lifecycle. |
| 651 #4 - SUBJECT ADDED ENTRY--GEOGRAPHIC NAME | |
| Geographic name | International |
| 690 ## - LOCAL SUBJECT ADDED ENTRY--TOPICAL TERM (OCLC, RLIN) | |
| Topical term or geographic name as entry element | Project management |
| 9 (RLIN) | 6261 |
| 700 1# - ADDED ENTRY--PERSONAL NAME | |
| Personal name | Alfen, Hans Wilhelm |
| 711 2# - ADDED ENTRY--MEETING NAME | |
| Meeting name or jurisdiction name as entry element | Construction and Building Research Conference |
| Location of meeting | University of Queensland, Brisbane |
| Date of meeting or treaty signing | 4-5 July 2005 |
| 856 40 - ELECTRONIC LOCATION AND ACCESS | |
| Uniform Resource Identifier | <a href="https://www.rics.org/site/scripts/download_info.aspx?downloadID=2565">https://www.rics.org/site/scripts/download_info.aspx?downloadID=2565</a> |
| Public note | View the item free of charge at www.rics.org... |
| 942 ## - ADDED ENTRY ELEMENTS (KOHA) | |
| Suppress in OPAC | 0 |
| Withdrawn status | Lost status | Source of classification or shelving scheme | Damaged status | Not for loan | Home library | Current library | Shelving location | Date acquired | Total Checkouts | Full call number | Barcode | Date last seen | Copy number | Price effective from | Koha item type |
|---|---|---|---|---|---|---|---|---|---|---|---|---|---|---|---|
| Dewey Decimal Classification | Virtual | Virtual | Online | 15/05/2007 | ONLINE PUBLICATION | 138057-2001 | 06/08/2019 | 1 | 06/08/2019 | Book |